El PSUC i l'eurocomunisme / (Record no. 93928)

MARC details
000 -LEADER
campo de control de longitud fija 00888nam a2200253 i 4500
001 - NÚMERO DE CONTROL
campo de control 93928
003 - IDENTIFICADOR DE NÚMERO DE CONTROL
campo de control ES-MaACL
005 - FECHA Y HORA DE LA ÚLTIMA TRANSACCIÓN
campo de control 20250813063312.0
007 - CAMPO FIJO DE DESCRIPCIÓN FÍSICA--INFORMACIÓN GENERAL
campo de control de longitud fija t|
008 - DATOS DE LONGITUD FIJA--INFORMACIÓN GENERAL
campo de control de longitud fija 050422s1981 sp ||||1| cat d
080 ## - NÚMERO DE LA CLASIFICACIÓN DECIMAL UNIVERSAL
Número de la Clasificación Decimal Universal 329(460.23)PSUC
100 1# - ENTRADA PRINCIPAL--NOMBRE DE PERSONA
Nombre de persona López Raimundo, Gregorio,
Fechas asociadas al nombre 1914-2007
9 (RLIN) 73909
245 13 - MENCIÓN DEL TÍTULO
Título El PSUC i l'eurocomunisme /
Mención de responsabilidad, etc. Gregorio López Raimundo, Antoni Gutiérrez Díaz ; presentació por Manuel Campo Vidal ; traduit per M. Angels Espuny Solé.
250 ## - MENCION DE EDICION
Mención de edición 1ª ed.
260 ## - PUBLICACIÓN, DISTRIBUCIÓN, ETC.
Lugar de publicación, distribución, etc. Barcelona :
Nombre del editor, distribuidor, etc. Grijalbo,
Fecha de publicación, distribución, etc. 1981.
300 ## - DESCRIPCIÓN FÍSICA
Extensión 231 p. ;
Dimensiones 19 cm.
610 2# - PUNTO DE ACCESO ADICIONAL DE MATERIA--NOMBRE DE ENTIDAD CORPORATIVA
Nombre de entidad corporativa o nombre de jurisdicción como elemento de entrada Partit Socialista Unificat de Catalunya.
9 (RLIN) 6162
650 #4 - PUNTO DE ACCESO ADICIONAL DE MATERIA--TÉRMINO DE MATERIA
Término de materia o nombre geográfico como elemento de entrada Eurocomunismo-
Subdivisión geográfica España.
9 (RLIN) 140358
700 1# - ENTRADA AGREGADA--NOMBRE PERSONAL
Nombre de persona Gutiérrez Díaz, Antoni.
9 (RLIN) 61139
700 1# - ENTRADA AGREGADA--NOMBRE PERSONAL
Nombre de persona Campo Vidal, Manuel.
9 (RLIN) 34222
700 1# - ENTRADA AGREGADA--NOMBRE PERSONAL
Nombre de persona Espuny Solé, M. Angels.
9 (RLIN) 47954
852 4# - LOCALIZACIÓN
Ubicación ES-MaACL
Número de control de estantería L-1073
Holdings
Estatus retirado Estado de pérdida Estado de daño No para préstamo Biblioteca de origen Biblioteca actual Ubicación en estantería Fecha de adquisición Fuente de adquisición Total de préstamos Signatura topográfica completa Código de barras Visto por última vez Precio de reemplazo Tipo de ítem Koha
        Biblioteca del Ateneo de Madrid Biblioteca del Ateneo de Madrid Depósito 2 17/01/2008     L-1073 1098093 23/02/2023 23/02/2023 Libro impreso